Normal view
MARC view
Entry Personal Name
001 - CONTROL NUMBER
- control field: 60382
003 - CONTROL NUMBER IDENTIFIER
- control field: OSt
005 - DATE AND TIME OF LATEST TRANSACTION
- control field: 20260505162556.0
008 - FIXED-LENGTH DATA ELEMENTS
- fixed length control field: 260505|| aca||aabn | a|a d
040 ## - CATALOGING SOURCE
- Original cataloging agency: OSt
- Transcribing agency: OSt
100 ## - HEADING--PERSONAL NAME
- Personal name: Shekhar, Meenakshi and Halder, Twincle
670 ## - SOURCE DATA FOUND
- Source citation: Work cat.: (OSt): Shekhar, Meenakshi and Halder, Twincle, INDIA’s industrial archipelago : Uneven manufacturing growth in a services-led economy
